000 00642nam a2200181Ia 4500
008 100921s9999 xx 000 0 und d
082 _b34337
_a928 न 01
100 _aसोनग्रा रतनलाल.
245 _aसोनजातक.
260 _bसिग्नेट प्रकाशन, पुणे.
_c2001
300 _a158
_bजयेश एजन्सी,पुणे.
365 _b150
520 _aचरित्रे-साहित्यिक.
630 _aसोनजातक.
650 _aचरित्रे-साहित्यिक.
730 _aसोनजातक.
942 _cBOOK
999 _c783450
_d783447